Central Library OPAC University of Rajshahi

The memorial : (Record no. 83486)

MARC details
000 -LEADER
fixed length control field 00550nam a2200205 a 4500
003 - CONTROL NUMBER IDENTIFIER
rucl marc code BD-RjUL
005 - DATE AND TIME OF LATEST TRANSACTION
control field 20240327101134.0
008 - FIXED-LENGTH DATA ELEMENTS--GENERAL INFORMATION
fixed length control field 910217s19601932enk 000 0 eng d
040 ## - CATALOGING SOURCE
Original cataloging agency BAR
Language of cataloging eng
Transcribing agency BD-RjUL
041 ## - LANGUAGE CODE
Language code of text/sound track or separate title eng
082 ## - DEWEY DECIMAL CLASSIFICATION NUMBER
Classification number 823.91
Author mark and year ISM 1960
092 ## - LOCALLY ASSIGNED DEWEY CALL NUMBER (OCLC)
Classification number 828.91 ISH C/m
100 1# - MAIN ENTRY--PERSONAL NAME
Personal name Isherwood, Christopher,
Dates associated with a name 1904-1986
9 (RLIN) 12473
245 14 - TITLE STATEMENT
Title The memorial :
Remainder of title portrait of a family
260 ## - PUBLICATION, DISTRIBUTION, ETC. (IMPRINT)
Place of publication, distribution, etc. London :
Name of publisher, distributor, etc. Hogarth Pr.,
Date of publication, distribution, etc. 1960
300 ## - PHYSICAL DESCRIPTION
Pagination 294 p. ;
Size 19 cm.
500 ## - GENERAL NOTE
General note First pub. 1932.
942 ## - ADDED ENTRY ELEMENTS (KOHA)
Source of classification or shelving scheme Dewey Decimal Classification
Koha item type Books
990 ## - EQUIVALENCES OR CROSS-REFERENCES [LOCAL, CANADA]
Link information for 9XX fields universities
Holdings
Lost status Source of classification or shelving scheme Damaged status Not for loan Collection code Permanent Location Current Location Shelving location Date acquired Total Checkouts Full call number Date last seen Copy number Koha item type
  Dewey Decimal Classification   Not For Loan Non-fiction Central Library, University of Rajshahi Central Library, University of Rajshahi Reading Room 27/03/2024   823.91 ISM 1960 27/03/2024 C-1 Books